|
|
|
|
| LEADER |
00000nam a2200000 i 4500 |
| 005 |
20110707145139.0 |
| 008 |
100312s2010 sp 000 0 spa d |
| 020 |
|
|
|a 9788498498462
|
| 035 |
|
|
|a 5325
|
| 040 |
|
|
|a BUS
|d vLex
|
| 080 |
|
|
|a 343.62-055.2:342.4
|
| 090 |
|
|
|c 2183
|d 2183
|
| 100 |
1 |
|
|a Kahale Carrillo, Djamil Tony.
|
| 245 |
1 |
3 |
|a La violencia de gňero en el contenido de los estatutos de autonomia /
|c Djamil Tony Kahale Carrillo
|h [Recurso electrn̤ico]
|
| 256 |
|
|
|a Servicio en ln̕ea.
|
| 260 |
|
|
|a Madrid :
|b Dykinson,
|c 2010.
|
| 300 |
|
|
|a 202 p. ;
|c 21 cm.
|
| 504 |
|
|
|a Bibliogr.
|
| 506 |
1 |
|
|a Contenido solo disponible en los productos indicados
|d vLex Global
|d vLex Global (Academic Edition, excluding Law Schools)
|d vLex Global (U.S. Academic Edition, Law Schools)
|d vLex Global (U.S. Academic Edition, excluding Law Schools)
|d vLex Global (Academic Edition, Law Schools)
|
| 650 |
0 |
7 |
|a Estatutos de autonoma̕
|2 Tesauro vLex
|
| 650 |
0 |
7 |
|a Delitos
|2 Tesauro vLex
|
| 650 |
0 |
7 |
|2 Tesauro vLex
|a Malos tratos
|
| 650 |
0 |
7 |
|2 Tesauro vLex
|a Violencia de gňero
|
| 740 |
0 |
|
|a vLex Libros (Servicio en ln̕ea)
|
| 856 |
4 |
0 |
|u https://app.vlex.com/#/sources/5325
|z Acceso restringido
|
| 942 |
|
|
|c BOOK
|